| 000 | 00881nam a2200265 i 4500 | ||
|---|---|---|---|
| 001 | bg | ||
| 100 | 1 | _aZIEMIAŃSKI, Leonard | |
| 245 | 1 | 0 |
_aSieci neuronowe w dynamice konstrukcji : _bwybrane zagadnienia / _cLeonard Ziemiański. |
| 260 |
_aRzeszów : _bOficyna Wydawnicza Politechniki Rzeszowskiej, _c1999. |
||
| 300 |
_a121 s. : _bil. ; _c24 cm. |
||
| 504 | _aBibliogr. | ||
| 650 | 9 | _aDiagnostyka techniczna | |
| 650 | 9 |
_aDynamika _xbadanie |
|
| 650 | 9 |
_aKonstrukcje _xbezpieczeństwo _xbadanie |
|
| 650 | 9 |
_aSieci neuronowe _xstosowanie _xtechnika |
|
| 650 | 9 |
_aWytrzymałość materiałów _xbadanie |
|
| 020 | _a8371991266 | ||
| 040 | _cBPK | ||
| 041 | 0 | _apl | |
| 080 | _a624.04:531.3:004.032.26:620.17 | ||
| 920 | _a83-7199-126-6 | ||
| 942 | _cKS | ||
| 008 | s pl f |000 0 pol | ||
| 999 |
_c39132 _d39132 |
||
| 856 |
_uhttp://koha.tu.koszalin.pl/cgi-bin/koha/opac-detail.pl?biblionumber=39132 _yKatalog online BPK |
||